مكتبة جامعة عجلون الوطنية

فهرس بحث المكتبة

Normal view MARC view
  • التعويضات -- قوانين وتشريعات -- الأردن -- الأضرار -- قوانين وتشريعات -- الأردن

Entry Topical Term

Number of records used in: 1

001 - CONTROL NUMBER

  • control field: 33621

003 - CONTROL NUMBER IDENTIFIER

  • control field: JO-AjAnu

005 - DATE AND TIME OF LATEST TRANSACTION

  • control field: 20230606075635.0

008 - FIXED-LENGTH DATA ELEMENTS

  • fixed length control field: 230606|| aca||aabn | a|a d

040 ## - CATALOGING SOURCE

  • Original cataloging agency: JO-AjAnu
  • Transcribing agency: JO-AjAnu

150 ## - HEADING--TOPICAL TERM

  • Topical term or geographic name entry element: التعويضات -- قوانين وتشريعات -- الأردن -- الأضرار -- قوانين وتشريعات -- الأردن

670 ## - SOURCE DATA FOUND

  • Source citation: Work cat.: (JO-AjAnu)17271: إعداد محمد عبد الغفور محمد العماوي؛ إشراف أسامة أبو الحسن مجاهد, author 33620, التعويض عن الأضرار المجاورة للضرر الجسدي = The compensation for damages accompanying with the bodily damage